Top Rated Countries 2017 - Statistics

General Stats
  • This quiz has been taken 65 times
  • The average score is 23 of 25
Answer Stats
Rank Country % Correct
10 Norway
100%
6 Sweden
100%
3 United Kingdom
100%
8 Australia
98%
2 Canada
98%
9 France
98%
7 United States
98%
4 Germany
97%
5 Japan
97%
18 Austria
95%
23 South Korea
95%
1 Switzerland
95%
12 Denmark
93%
13 Finland
93%
14 New Zealand
92%
16 Italy
90%
19 Spain
90%
11 Netherlands
88%
24 Portugal
85%
20 China
83%
21 Ireland
83%
15 Singapore
81%
17 Luxembourg
73%
22 United Arab Emirates
69%
25 India
66%
No matching quizzes found
Score Distribution
Percent of People with Each Score
Percentile by Number Answered
Your Score History
You have not taken this quiz